[Event "DEM U12 2019"]
[Site "Willingen GER"]
[Date "2019.06.15"]
[Round "9"]
[White "Fink, Moritz"]
[Black "Werner, Florin"]
[Result "1-0"]
[Termination "normal"]
[Board "27"]
[WhiteElo "1392"]
[BlackElo "1288"]
[PlyCount "143"]
[WhiteFideId "16235711"]
[BlackFideId "16250230"]
[EventCountry "GER"]
[EventRounds "9"]
[EventType "swiss"]
[EventDate "2019.06.08"]

1. e4 e5 2. Nf3 Nc6 3. Bc4 Bc5 4. c3 Nf6 5. d4 exd4 6. cxd4 Bb4+ 7. Bd2 Bxd2+
8. Nbxd2 d5 9. exd5 Nxd5 10. O-O O-O 11. a3 Bg4 12. Qc2 Nf6 13. Qc3 Nd5 14.
Bxd5 Qxd5 15. Rfe1 Rfe8 16. Re3 f6 17. Rae1 Kf7 18. h3 Bh5 19. g4 Bg6 20. Qb3
Qxb3 21. Nxb3 Rxe3 22. Rxe3 Re8 23. Nc5 Rxe3 24. fxe3 b6 25. Na6 Na5 26. Nd2 c6
27. b4 Nb7 28. Nb8 Nd8 29. Kf2 Ke6 30. e4 Kd6 31. Na6 Ne6 32. Ke3 Ng5 33. h4
Nf7 34. h5 Bxh5 35. gxh5 g6 36. hxg6 hxg6 37. Nf3 g5 38. Nh2 Nh6 39. Kf3 Ke6
40. Ng4 Nf7 41. Ne3 Nd6 42. a4 f5 43. d5+ cxd5 44. exd5+ Ke5 45. Nb8 g4+ 46.
Ke2 Kf4 47. Nc6 Ne4 48. a5 bxa5 49. bxa5 Nc3+ 50. Kd3 Nb5 51. Nxa7 Nxa7 52. d6
Nc6 53. a6 Nb4+ 54. Ke2 Nxa6 55. d7 Nc5 56. d8=Q Ne4 57. Qf8 Ng3+ 58. Kd3 Kg5
59. Qg7+ Kf4 60. Qh6+ Kf3 61. Qc6+ Kf4 62. Ng2+ Kg5 63. Qc1+ Kh5 64. Qf4 Nh1
65. Qxf5+ Kh6 66. Nh4 Nf2+ 67. Qxf2 g3 68. Qxg3 Kh5 69. Qg6+ Kxh4 70. Ke3 Kh3
71. Kf3 Kh2 72. Qg2# 1-0

[Event "DEM U12 2019"]
[Site "Willingen GER"]
[Date "2019.06.15"]
[Round "9"]
[White "Janssen, Joris Frederik"]
[Black "Ensslinger, Colin"]
[Result "0-1"]
[Termination "normal"]
[Board "28"]
[WhiteElo "1274"]
[BlackElo "1690"]
[PlyCount "104"]
[WhiteFideId "16287061"]
[BlackFideId "16226011"]
[EventCountry "GER"]
[EventRounds "9"]
[EventType "swiss"]
[EventDate "2019.06.08"]

1. d4 d5 2. Bf4 Nf6 3. Nd2 c5 4. c3 Nc6 5. Ngf3 Bf5 6. e3 e6 7. Be2 Rc8 8. O-O
Be7 9. h3 O-O 10. Nh4 Bg6 11. Nxg6 hxg6 12. Bh2 Bd6 13. f4 cxd4 14. exd4 Qc7
15. Rc1 g5 16. g3 Nh7 17. Bd3 f5 18. Rc2 gxf4 19. gxf4 g5 20. Qf3 Kh8 21. Nb3
Rg8 22. Kh1 Bxf4 23. Bxf4 Qxf4 24. Qxf4 gxf4 25. Rxf4 Rg3 26. Bf1 Rcg8 27. Nc5
Rg1+ 28. Kh2 Nd8 29. Rg2 R1xg2+ 30. Bxg2 Ng5 31. Rh4+ Kg7 32. Kg1 b6 33. Nd3
Ndf7 34. Kf1 Kf6 35. Ke1 Ne4 36. Bxe4 dxe4 37. Nb4 Rg7 38. Rf4 Kg5 39. Rf2 Kh4
40. Rf1 Ng5 41. Rg1 Nf3+ 42. Kd1 Rxg1+ 43. Kc2 Rg2+ 44. Kb3 b5 45. Nc6 e3 46.
Nxa7 e2 47. Nxb5 e1=Q 48. Nd6 Nxd4+ 49. Ka3 Qe5 50. Nc4 Qc5+ 51. Ka4 Qxc4+ 52.
Ka3 Nb5# 0-1